|
|
|
|
| LEADER |
00706nam a2200169Ia 4500 |
| 001 |
CTU_44238 |
| 008 |
210402s9999 xx 000 0 und d |
| 082 |
|
|
|a 895.13081
|
| 082 |
|
|
|b Nh556
|
| 100 |
|
|
|a Những kiệt nhân của nền văn minh cố đại Trung Quốc
|
| 245 |
|
0 |
|a Những kiệt nhân của nền văn minh cố đại Trung Quốc
|
| 245 |
|
0 |
|c Những kiệt nhân của nền văn minh cố đại Trung Quốc; Dịch giả: Trần Yên Thảo
|
| 260 |
|
|
|a Hà Nội
|
| 260 |
|
|
|b VHTT
|
| 260 |
|
|
|c 2001
|
| 650 |
|
|
|a chinese literature - 20th century,historical fiction, chinese
|
| 980 |
|
|
|a Trung tâm Học liệu Trường Đại học Cần Thơ
|